000 00382nam a22001457a 4500
020 _qPB.
040 _cFIZZA ISHAQ
082 _a822.33
_bJON
100 _aBATE,JONATHAN.
_9133399
245 _aTHE ARDEN SHAKESPEARE TITUS AND RONICUS /
_cJONATHAN BATE.
250 _a3RD ED.
260 _aLONDON ;
_bARDEN SHAKESPEARE,
_c2006.
300 _a308 P. ;
_c7.8X4.9IN
942 _2ddc
_cBK
999 _c616358
_d616358